Гражданское право социалистических стран. Ч. 2: Субъекты гражданского права (Запись № 6119553)

Подробности
000 -МАРКЕР
контрольное поле 01596nam2a22002771 4500
001 - ИДЕНТИФИКАТОР ЗАПИСИ
контрольное поле rc\2127857
005 - ИДЕНТИФИКАТОР ВЕРСИИ
контрольное поле 20110829171737.8
035 ## - ДРУГИЕ СИСТЕМНЫЕ НОМЕРА
Идентификатор записи (NLR Aleph) 006489701
100 ## - ДАННЫЕ ОБЩЕЙ ОБРАБОТКИ
Данные общей обработки 20110829d1978 |||y0rusy50 ca
101 0# - ЯЗЫК РЕСУРСА
Язык текста, звукозаписи и т.д. русский
102 ## - СТРАНА ПУБЛИКАЦИИ ИЛИ ПРОИЗВОДСТВА
Страна публикации Российская Федерация
105 ## - ПОЛЕ КОДИРОВАННЫХ ДАННЫХ: ТЕКСТОВЫЕ МАТЕРИАЛЫ, МОНОГРАФИЧЕСКИЕ
Кодированные данные о монографическом текстовом документе y z |||||
200 1# - ЗАГЛАВИЕ И СВЕДЕНИЯ ОБ ОТВЕТСТВЕННОСТИ
Основное заглавие Субъекты гражданского права
Первые сведения об ответственности [Подгот. к. ю. н. Е.А. Богатых, К.Л. Разумнов, А.В. Коваленко и др.]
210 ## - ПУБЛИКАЦИЯ, РАСПРОСТРАНЕНИЕ И ДР.
Дата издания, распространения и т.д. 1978
215 ## - ФИЗИЧЕСКАЯ ХАРАКТЕРИСТИКА
Специфическое обозначение материала и объем 108 с.
461 #0 - УРОВЕНЬ НАБОРА
Встроенное поле 001rc\2127856
-- 2001#$aГражданское право социалистических стран$eУчеб. пособие$fМоск. гос. ин-т междунар. отношений. Каф. гражд. права и процесса$vЧ. 2
Системный номер (АБИС) связанной записи 6119545
Место публикации Москва
Дата публикации 1978
Первые сведения об ответственности Моск. гос. ин-т междунар. отношений. Каф. гражд. права и процесса
Имя издателя, распространителя и т.д. Моск. гос. ин-т междунар. отношений
Сведения, относящиеся к заглавию Учеб. пособие
Заглавие Гражданское право социалистических стран
Номер тома Ч. 2
702 #1 - ИМЯ ЛИЦА - ВТОРИЧНАЯ ОТВЕТСТВЕННОСТЬ
Начальный элемент ввода Разумнов
Часть имени, кроме начального элемента ввода К. Л.
Код отношения Прочие
702 #1 - ИМЯ ЛИЦА - ВТОРИЧНАЯ ОТВЕТСТВЕННОСТЬ
Начальный элемент ввода Коваленко
Часть имени, кроме начального элемента ввода А. В.
Код отношения Прочие
702 #1 - ИМЯ ЛИЦА - ВТОРИЧНАЯ ОТВЕТСТВЕННОСТЬ
Начальный элемент ввода Богатых
Часть имени, кроме начального элемента ввода Е. А.
Расширение инициалов личного имени Елена Александровна
Код отношения Прочие
712 02 - НАИМЕНОВАНИЕ ОРГАНИЗАЦИИ - ВТОРИЧНАЯ ОТВЕТСТВЕННОСТЬ
Начальный элемент ввода Институт международных отношений
Структурное подразделение Кафедра гражданского права и процесса
Идентифицирующий признак Москва
Системный номер авторитетной/нормативной записи 531164
Идентификатор авторитетной/нормативной записи RU\NLR\AUTH\8810016654
801 #0 - ИСТОЧНИК ЗАПИСИ
Страна Российская Федерация
Организация NLR
Правила каталогизации psbo
801 #1 - ИСТОЧНИК ЗАПИСИ
Страна Российская Федерация
Организация ELAR
Источник данных rusmarc
852 ## - МЕСТОНАХОЖДЕНИЕ И ШИФР ХРАНЕНИЯ
Идентификатор организации NLR
Шифр хранения (Call Number) 79-7/80
942 ## - ДОПОЛНИТЕЛЬНЫЕ ЭЛЕМЕНТЫ ЗАПИСИ (АБИС)
Тип экземпляра АБИС Книга
980 ## - КОЛЛЕКЦИЯ
Название коллекции Национальная библиография
Экземпляры
Тип экземпляра Дата поступления Библиотека постоянного хранения Библиотека текущего хранения Место хранения Шифр хранения Штрих-код Статус экземпляра
Книга 26.10.2013 РНБ (Московский) РНБ (Московский) Русский книжный фонд: издания с 1957 года 79-7/80 1-1159096